000 00285nam a22001337a 4500
008 170922b xxu||||| |||| 00| 0 eng d
020 _a9780312409685
041 _aeng
080 _26TH
_a37
100 _a46
101 _aEDU
245 _aWORK IN PROGRESS
_cEDE,L
942 _2udc
_cBK
999 _c29080
_d29080